Codex Coburgensis : das erste systematische Archäologiebuch : römische Antiken-Nachzeichnungen aus der Mitte des 16. Jahrhunderts : Ausstellung in den Kunstsammlungen der Veste Coburg, 7. September - 2. November 1986 : Antikenzeichnung und Antikenstudium im Renaissance und Frühbarock, Symposion im Kupferstichkabinett der Veste Coburg, 8. - 10. September 1986
Gespeichert in:
| Veröffentlicht in: | Kunstchronik 41(1988), 12, Seite 658-666 |
|---|---|
| VerfasserIn: | |
| Dokumenttyp: | Online-Ressource Aufsatz |
| Sprache: | German |
| Veröffentlicht: |
Nürnberg
: Carl
, 1988
|
| Schlagwörter: | |
| Online Zugang: | kostenfrei kostenfrei kostenfrei |
| Bibliogr. Hinweis: | Enthalten in:
Kunstchronik |
| Verantwortlich: | Margaret Davis Daly |
| LEADER | 02367caa a2200421 4500 | ||
|---|---|---|---|
| 001 | 173868721X | ||
| 003 | DE-627 | ||
| 005 | 20210820093937.0 | ||
| 007 | cr cn 008aaaaa | ||
| 008 | 201113s1988 xx |||||o 00| ||ger c | ||
| 024 | 7 | |a urn:nbn:de:bsz:16-kc-766408 |2 urn | |
| 024 | 7 | |a 10.11588/kc.1988.12.76640 |2 doi | |
| 035 | |a (DE-627)173868721X | ||
| 035 | |a (DE-599)KXP173868721X | ||
| 035 | |a (OCoLC)1264387453 | ||
| 040 | |a DE-627 |b ger |c DE-627 |e rda | ||
| 041 | |a ger | ||
| 084 | |a KUNST |q DE-16 |2 fid | ||
| 100 | 1 | |a Davis, Margaret Daly |e VerfasserIn |0 (DE-588)1046916483 |0 (DE-627)777297035 |0 (DE-576)164723781 |4 aut | |
| 245 | 1 | 0 | |a Codex Coburgensis |b das erste systematische Archäologiebuch : römische Antiken-Nachzeichnungen aus der Mitte des 16. Jahrhunderts : Ausstellung in den Kunstsammlungen der Veste Coburg, 7. September - 2. November 1986 : Antikenzeichnung und Antikenstudium im Renaissance und Frühbarock, Symposion im Kupferstichkabinett der Veste Coburg, 8. - 10. September 1986 |c Margaret Davis Daly |
| 264 | 1 | |a Nürnberg |b Carl |c 1988 | |
| 336 | |a Text |b txt |2 rdacontent | ||
| 337 | |a Computermedien |b c |2 rdamedia | ||
| 338 | |a Online-Ressource |b cr |2 rdacarrier | ||
| 500 | |a Elektronische Reproduktion der Druckausgabe | ||
| 533 | |a Online-Ausgabe |b Heidelberg |c arthistoricum.net |d 2020 |7 |2020|||||||||| | ||
| 773 | 0 | 8 | |i Enthalten in |t Kunstchronik |d Heidelberg : Universitätsbibliothek Heidelberg, 2019 |g 41(1988), 12, Seite 658-666 |h Online-Ressource |w (DE-627)1670038009 |w (DE-600)2979370-1 |x 2510-7534 |7 |||s |
| 773 | 1 | 8 | |g volume:41 |g year:1988 |g number:12 |g pages:658-666 |
| 856 | 4 | 0 | |u https://doi.org/10.11588/kc.1988.12.76640 |x Verlag |x Resolving-System |z kostenfrei |3 Volltext |
| 856 | 4 | 0 | |u https://journals.ub.uni-heidelberg.de/index.php/kchronik/article/view/76640 |x Verlag |z kostenfrei |3 Volltext |
| 856 | 4 | 0 | |u http://nbn-resolving.de/urn:nbn:de:bsz:16-kc-766408 |x Verlag |x Resolving-System |z kostenfrei |3 Volltext |
| 936 | u | w | |d 41 |j 1988 |e 12 |h 658-666 |
| 951 | |a AR | ||
| 994 | |u https://journals.ub.uni-heidelberg.de/index.php/kchronik/article/view/76640/70474 | ||
| 994 | |u https://journals.ub.uni-heidelberg.de/index.php/kchronik/article/view/76640/70474 | ||
| 994 | |u https://journals.ub.uni-heidelberg.de/index.php/kchronik/article/view/76640/70474 | ||
| 991 | |a Rezension (Veranstaltung, Ausstellung) | ||
| 999 | |a KXP-PPN173868721X |e 4050809397 | ||


